000 00797nam a2200241Ia 4500
003 OSt
005 20250204085934.0
008 210716s2015 xx 000 0 und d
020 _a9789352131631
040 _cAIMIT LIBRARY
041 _aeng
082 _a006.671
_21
_bCASE
100 _aCastledine, Earle.
_9197349
245 _aJquery :
_bnovice to ninja /
_cBy Earle Castledine and Craig Sharkie.
250 _a1st ed.
260 _aNew Delhi :
_bShroff Publishers and Distributors Pvt Ltd ,
_c2015.
300 _axxv,453p. ;
_bPB
_c23.5 cm
650 _aFalling in love with jquery
_9197350
650 _aAnimating scrolling and resizing
_9197351
650 _aConstruction ajax and interactivity
_9197352
700 _aSharkie, Craig.
_9197353
942 _2ddc
_cBK
_e1st
_k006.671 CASE
999 _c195062
_d195062